000 00787nam0a22002531 4500
001 rc\2780766
005 20250806210140.0
035 _a(NLR Aleph) 006907002
090 _a19441
_c19441
100 _a20110915d1942 u y0rusy50 ca
101 0 _arus
102 _aRU
105 _ay z |||a|
200 1 _aАлексей Куликов, боец...
_e[Рассказ о солдатской душе]
210 _aКиров
_cОбл. изд-во
_d1942
215 _a64 с.
_d14 см.
700 1 _aГорбатов
_bБ.Л.
_f1908-195
_gБорис Леонтьевич
801 0 _aRU
_bNLR
_gpsbo
801 1 _aRU
_bELAR
_2rusmarc
852 _aNLR
_j64-1/603
942 _cBOOK
945 _aРоссийская национальная библиотека
980 _aNB
980 _aBV